| 000 | 00631nam a22001937a 4500 | ||
|---|---|---|---|
| 999 |
_c7260 _d7260 |
||
| 003 | OSt | ||
| 005 | 20191106175338.0 | ||
| 008 | 191106e201909 spca||| ||||| 000 m cat|d | ||
| 017 |
_aDL B 15106-2019 _bBiblioteca de Catalunya |
||
| 020 | _a9788417627867 | ||
| 040 |
_aES-BaUB _bcat _cCDMR |
||
| 100 | 1 |
_aCalders, Pere _d1912-1994, _9553 |
|
| 240 | 1 | 0 | _aSeleccions |
| 245 | 1 | 0 |
_aSobre el feixisme, l'exili i la censura _b: tria d'articles i contes distòpics / _cPere Calders ; a cura de Diana Coromines |
| 260 |
_aBarcelona : _bRosa dels Vents, _c2019 |
||
| 300 |
_a274 p. : _bil ; _c23 cm |
||
| 700 | 1 | _aCoromines, Diana, | |
| 942 | _cMON | ||